Southville International School and Colleges
Your cart is empty.
  • Cart
  • Lists
    Public lists Eva Luna New books Lux_list list_1
    Your lists Log in to create your own lists
  • Log in to your account
  • Your cookies
  • Search history
Southville International School and Colleges
  • Advanced search
  • Recent comments
  • Most popular
  • Libraries

Log in to your account

Log in with GOOGLE


If you do not have an external account, but do have a local account, you can still log in:

  1. Home
  2. MARC view: A teen's guide to getting published :
Normal view MARC view ISBD view

A teen's guide to getting published : (Record no. 10220)

[ view plain ]
MARC details
000 -LEADER
fixed length control field 00589nam a22001937a 4500
003 - CONTROL NUMBER IDENTIFIER
control field SISC
005 - DATE AND TIME OF LATEST TRANSACTION
control field 20160307160222.0
008 - FIXED-LENGTH DATA ELEMENTS--GENERAL INFORMATION
fixed length control field 130902t xxu||||| |||| 00| 0 eng d
020 ## - INTERNATIONAL STANDARD BOOK NUMBER
International Standard Book Number 9781882664221
050 ## - LIBRARY OF CONGRESS CALL NUMBER
Classification number PN 161
Item number .D923 1997
082 ## - DEWEY DECIMAL CLASSIFICATION NUMBER
Classification number HS 808.0666
Item number D92 1997
100 ## - MAIN ENTRY--PERSONAL NAME
Personal name Dunn, Danielle
9 (RLIN) 16259
245 ## - TITLE STATEMENT
Title A teen's guide to getting published :
Remainder of title the only writer's guide written by teens for teens /
Statement of responsibility, etc Danielle Dunn
260 ## - PUBLICATION, DISTRIBUTION, ETC. (IMPRINT)
Place of publication, distribution, etc Texas :
Name of publisher, distributor, etc Prufrock Press,
Date of publication, distribution, etc c1997.
300 ## - PHYSICAL DESCRIPTION
Extent 84 p. :
Dimensions 23 cm.
650 ## - SUBJECT ADDED ENTRY--TOPICAL TERM
Topical term or geographic name as entry element Writing
General subdivision guide
9 (RLIN) 16260
942 ## - ADDED ENTRY ELEMENTS (KOHA)
Source of classification or shelving scheme Library of Congress Classification
Koha item type Books
Holdings
Withdrawn status Lost status Source of classification or shelving scheme Damaged status Home library Current library Shelving location Date acquired Total Checkouts Full call number Barcode Date last seen Copy number Price effective from Koha item type
    Library of Congress Classification   Luxembourg Library Luxembourg Library High School Section 09/02/2013   PN 161 .D923 1997 3843 03/07/2016 1 09/02/2013 Books

A teen's guide to getting published :

APA

Dunn D., . (1997). A teen's guide to getting published. Texas: Prufrock Press.

Chicago

Dunn Danielle, . 1997. A teen's guide to getting published. Texas: Prufrock Press.

Harvard

Dunn D., . (1997). A teen's guide to getting published. Texas: Prufrock Press.

MLA

Dunn Danielle, . A teen's guide to getting published. Texas: Prufrock Press. 1997.

  • Place hold
  • Print
  • Cite
  • Add to your cart (remove)
  • Save record
    BIBTEX Dublin Core MARCXML MARC (non-Unicode/MARC-8) MARC (Unicode/UTF-8) MARC (Unicode/UTF-8, Standard) MODS (XML) RIS
  • More searches
    Search for this title in:
    Other Libraries (WorldCat) Other Databases (Google Scholar) Online Stores (Bookfinder.com) Open Library (openlibrary.org)

Exporting to Dublin Core...

SOUTHVILLE LIBRARY

Southville International School and Colleges Library

1281 Tropical Ave. Cor. Luxembourg St., BF Homes International, Las Pinas City

Tel. No. 8256374 / 252358 Loc. 117/146

Powered by Koha